000 00326nam a2200133Ia 4500
005 20260328101517.0
008 260328s9999||||xx |||||||||||||| ||und||
100 _aDorfles, Gillo
245 0 _aConstantes técnicas de las Artes /
_cGillo Dorfles
260 _bNueva Visión
300 _a211 p.
650 _aARTE
942 _cBK
999 _c9409
_d9409